SELECTED papers in greenhouse and nursery mechanization concepts

Bibliographic Details
Format: Book
Published: St. Joseph, MI : American Society of Agricyltural Engineers , 1983
Subjects:

MARC

LEADER 00000cam a2200000 7i4500
001 0000002443
005 20030623.0
020 0 0 |a 091650534 
090 0 0 |a 365.986   |b SEL 1983 
245 0 0 |a SELECTED papers in greenhouse and nursery mechanization concepts 
260 0 0 |a St. Joseph, MI :   |b American Society of Agricyltural Engineers ,   |c 1983 
300 |a 109 p. :   |b ill. ;   |c 28 cm. 
500 0 0 |a Includes bibliographies 
650 0 0 |a Greenhouse management 
650 0 0 |a Nurseries (Horticulture) 
998 |a JPSM 
999 |a 0000004044   |b Monograph   |c Open Shelf   |e Default branch